Corporate finance and the securities laws

Corporate Finance and the Securities Laws, the best-selling classic on investment banking and securities regulation, is now available in an expanded and completely updated second edition by Charles J. Johnson, Jr., the original author, and Joseph McLaughlin, a partner at Brown &​ Wood LLP and fo...

Cur síos iomlán

Đã lưu trong:
Sonraí Bibleagrafaíochta
Príomhúdar: Johnson, Charles J.
Formáid: Leabhar
Teanga:Undetermined
Foilsithe: New York, NY Aspen Law &​ Business 1997
Ábhair:
Clibeanna: Cuir Clib Leis
Gan Chlibeanna, Bí ar an gcéad duine leis an taifead seo a chlibeáil!
Thư viện lưu trữ: Trung tâm Học liệu Trường Đại học Cần Thơ
LEADER 01039nam a2200217Ia 4500
001 CTU_193950
008 210402s9999 xx 000 0 und d
082 |a 346.730666 
082 |b J66 
100 |a Johnson, Charles J. 
245 0 |a Corporate finance and the securities laws 
245 0 |c Charles J. Johnson, Jr., Joseph McLaughlin 
260 |a New York, NY 
260 |b Aspen Law &​ Business 
260 |c 1997 
520 |a Corporate Finance and the Securities Laws, the best-selling classic on investment banking and securities regulation, is now available in an expanded and completely updated second edition by Charles J. Johnson, Jr., the original author, and Joseph McLaughlin, a partner at Brown &​ Wood LLP and former General Counsel at Goldman, Sachs &​ Co. 
650 |a Công ty,Corporations 
650 |x Tài chính,Luật và văn bản quy phạm pháp luật,Finance,Law and legislation 
650 |z United States 
910 |a Hải 
980 |a Trung tâm Học liệu Trường Đại học Cần Thơ